An investigation into general English teachers' intercultural awareness level and their practie intercultural language teaching : Master of education. Program Principles and methods in English language education
This paper is an investigation into general English teachers' intercultural awareness level and their practice intercultural language teaching
Salvato in:
| Autore principale: | |
|---|---|
| Natura: | Libro |
| Lingua: | Undetermined |
| Pubblicazione: |
Can Tho
Can Tho University
2016
|
| Soggetti: | |
| Tags: |
Aggiungi Tag
Nessun Tag, puoi essere il primo ad aggiungerne! !
|
| Thư viện lưu trữ: | Trung tâm Học liệu Trường Đại học Cần Thơ |
|---|
| LEADER | 00944nam a2200217Ia 4500 | ||
|---|---|---|---|
| 001 | CTU_213850 | ||
| 008 | 210402s9999 xx 000 0 und d | ||
| 082 | |a 428.2407 | ||
| 082 | |b S106 | ||
| 100 | |a Lưu, Thế Sang | ||
| 245 | 3 | |a An investigation into general English teachers' intercultural awareness level and their practie intercultural language teaching : | |
| 245 | 0 | |b Master of education. Program Principles and methods in English language education | |
| 245 | 0 | |c Lưu Thế Sang ; Thái Công Dân (supervisor) | |
| 260 | |a Can Tho | ||
| 260 | |b Can Tho University | ||
| 260 | |c 2016 | ||
| 520 | |a This paper is an investigation into general English teachers' intercultural awareness level and their practice intercultural language teaching | ||
| 650 | |a Tiếng Anh,English language | ||
| 650 | |x Dạy và học,Study and teaching | ||
| 904 | |i Nguyên | ||
| 980 | |a Trung tâm Học liệu Trường Đại học Cần Thơ | ||